000 00468nam a2200145Ia 4500
008 100415s9999 xx 000 0 und d
082 _b13212
_a363.7
100 _aSlater Francis
245 _aSocieties, choices and environments: issues & enquiries
260 _c1991
_bCOLLINS EDUCATIONAL
365 _b0
630 _aSocieties, choices and environments: issues & enquiries
730 _aSocieties, choices and environments: issues & enquiries
942 _cBOOK
999 _c596128
_d596125